000 01674nam0a2200373 4500
001 RU\NLR\bibl\1769386
005 20250616131042.0
010 _a978-601-225-091-6
_9500
035 _a(NLR Aleph) 001760170
090 _a1573311
_c1573311
100 _a20110516d2009 |||y0rusy50 ca
101 0 _arus
_aeng
102 _aRU
105 _aa |||||||||
200 1 _aМировой экономический кризис: теория, методология, практика
_f[Пороховский А.А., Сильверстов С.Н., Акаев А.А. и др.]
_gпод ред. д.э.н., проф. А.А. Абишева и д.э.н. Т.И. Мухамбетова
210 _aАлматы
_cЭкономика
_d2009
215 _a1055 с.
_cил.
_d20
225 1 _aЭкономические исследования
300 _aАвт. указаны в оглавлении
300 _aЧасть текста на англ. яз.
320 _aБиблиогр. в конце глав и в подстроч. примеч.
606 1 _aЭкономические кризисы
_z2008 -
_92551644
_3RU\NLR\auth\661509844
686 _aУ5-971
701 1 _aПороховский
_bА. А.
_gАнатолий Александрович
_4070
701 1 _aСильверстов
_bС. Н.
_4070
701 1 _4070
_aАкаев
_bА. А.
_f1944-
_gАскар Акаевич
_9141047
_3RU\NLR\AUTH\770141083
702 1 _aАбишев
_bА. А.
_gАли Ажимович
_4340
801 0 _aRU
_bNLR
_c20110516
_gRCR
801 1 _aRU
_bNLR
_c20110516
830 _aлица по базе
942 _cBOOK
980 _aNB